Alphabet en anglais en 15 secondes - Statistiques

Statistiques générales
  • Ce quiz a été pris 536 fois
  • Le résultat moyen est 22 sur 26
Statistiques - réponses
Réponse % Correct
A
100%
B
99%
C
97%
D
97%
E
97%
F
95%
G
93%
H
92%
I
91%
J
90%
K
89%
L
89%
M
88%
N
83%
O
82%
P
82%
Q
79%
R
77%
S
75%
T
75%
U
72%
V
69%
W
67%
X
63%
Y
60%
Z
57%
Aucun quiz correspondant
Distribution des résultats
% des personnes avec chaque résultat
Percentile par nombre de réponses
Votre historique - résultats
Vous n’avez pas pris ce quiz